Extraños casos para lectores escasos / (Registro nro. 5166)

Detalles MARC
000 -CABECERA
Longitud fija campo de control 01613nam a2200385 a 4500
003 - • IDENTIFICADOR DELl NÚMERO DE CONTROL
Identificador del número de control CO-ViMGA
008 - • CÓDIGOS DE INFORMACIÓN DE LONGITUD FIJA
Códigos de información de longitud fija 141112s2004 ck r 000 u spa d
020 ## - • NÚMERO INTERNACIONAL NORMALIZADO PARA LIBROS
Número Internacional Normalizado para Libros (ISBN) 9789587590050
040 ## - FUENTE DE LA CATALOGACIÓN
Centro catalogador de origen CO-ViMGA
Lengua de catalogación spa
Centro transcriptor CO-ViMGA
041 ## - • CÓDIGO DE LENGUA
Código de lengua del texto/banda sonora o título independiente SPA
245 10 - • TITULO PROPIAMENTE DICHO
Título Extraños casos para lectores escasos /
Mención de responsabilidad, etc. compiladoras Norma Constanza Idárraga Hernández, Mónica López Echeverry ; ilustraciones Óscar Darío Villota Cuásquer, Paola López ; traductores Margarita Arias... [et al.]
250 ## - • MENCIÓN DE EDICIÓN
Mención de edición 2a ed.
300 ## - • DESCRIPCIÓN FÍSICA
Extensión 374 p. : il. col.
490 ## - • MENCIÓN DE SERIE
Mención de serie Luminautas
650 14 - • PUNTO DE ACCESO ADICIONAL DE MATERIA - TÉRMINO DE MATERIA
Término de materia o nombre geográfico como elemento inicial CARTAS - COLECCIONES
650 14 - • PUNTO DE ACCESO ADICIONAL DE MATERIA - TÉRMINO DE MATERIA
Término de materia o nombre geográfico como elemento inicial CUENTOS - COLECCIONES
650 14 - • PUNTO DE ACCESO ADICIONAL DE MATERIA - TÉRMINO DE MATERIA
Término de materia o nombre geográfico como elemento inicial ENSAYOS LITERARIOS - COLECCIONES
650 14 - • PUNTO DE ACCESO ADICIONAL DE MATERIA - TÉRMINO DE MATERIA
Término de materia o nombre geográfico como elemento inicial NOVELA ESTADOUNIDENSE - SIGLO XIX
700 1# - • PUNTO DE ACCESO ADICIONAL - NOMBRE DE PERSONA
Nombre de persona Arias, Margarita
700 1# - • PUNTO DE ACCESO ADICIONAL - NOMBRE DE PERSONA
Nombre de persona Chesterton, G. K.
700 1# - • PUNTO DE ACCESO ADICIONAL - NOMBRE DE PERSONA
Nombre de persona Dickens, Charles
700 1# - • PUNTO DE ACCESO ADICIONAL - NOMBRE DE PERSONA
Nombre de persona Henry, O
700 1# - • PUNTO DE ACCESO ADICIONAL - NOMBRE DE PERSONA
Nombre de persona Idárraga Hernández, Norma Constanza López Echeverry, Mónica
700 1# - • PUNTO DE ACCESO ADICIONAL - NOMBRE DE PERSONA
Nombre de persona Leftwich, Adrian
700 1# - • PUNTO DE ACCESO ADICIONAL - NOMBRE DE PERSONA
Nombre de persona Renard, Jules
700 1# - • PUNTO DE ACCESO ADICIONAL - NOMBRE DE PERSONA
Nombre de persona Saldarriaga, Francisco Javier
700 1# - • PUNTO DE ACCESO ADICIONAL - NOMBRE DE PERSONA
Nombre de persona Stevenson, Robert Louis
700 1# - • PUNTO DE ACCESO ADICIONAL - NOMBRE DE PERSONA
Nombre de persona Stevenson, Robert Louis, 1850 - 1894 Renard, Jules Dickens, Charles, 1812 - 1870 Henry, O Chesterton, G. K. Wilde, Oscar, 1854 - 1900 Leftwich, Adrian Arias, Margarita Saldarriaga, Francisco Javier
700 1# - • PUNTO DE ACCESO ADICIONAL - NOMBRE DE PERSONA
Nombre de persona Villota, Óscar Darío López, Paola
700 1# - • PUNTO DE ACCESO ADICIONAL - NOMBRE DE PERSONA
Nombre de persona Wilde, Oscar
942 ## - ENTRADA DE ELEMENTOS AGREGADOS (KOHA)
Fuente de clasificaión o esquema Dewey Decimal Classification
Koha [por defecto] tipo de item LIbro
Existencias
Perdido Fuente de clasificación o esquema Estado Físico No para préstamo Forma de adquisición Localización permanente Localización actual Localización en estanterías Fecha adquisición Préstamos totales Signatura completa Código de barras Fecha última consulta Número de copia Fecha del precio de reemplazo Tipo de item de Koha Serie de enumeración / cronolog&íacute;a Fecha último préstamo Note pública Número de registro
  Dewey Decimal Classification     Colección General Biblioteca Pública Dorado Biblioteca Pública Dorado Literatura 02/01/2023   NEXT2 DOR01472 02/01/2023 Ej.1 02/01/2023 Libro Literatura        
  Dewey Decimal Classification     Colección General Biblioteca Pública José Eustasio Rivera - San Martin Biblioteca Pública José Eustasio Rivera - San Martin Literatura 06/21/2023   NEXT2 SM001772 06/21/2023 Ej.1 06/21/2023 Libro Literatura        
  Dewey Decimal Classification     Colección General Biblioteca Pública Puerto López - Jorge Eliecer Gaitán Biblioteca Pública Puerto López - Jorge Eliecer Gaitán General 10/21/2025   N EXT2 PLZ03548 10/21/2025 Ej.1 10/21/2025 Libro Literatura        
  Dewey Decimal Classification     Colección General Biblioteca Pública San Carlos de Guaroa - Eduardo Carranza Biblioteca Pública San Carlos de Guaroa - Eduardo Carranza Literatura 02/07/2024   N EXT2 SG01448 02/07/2024 Ej.1 02/07/2024 LIbro        
  Dewey Decimal Classification     Sala General Biblioteca Comunitaria - Villavicencio Biblioteca Comunitaria - Villavicencio   12/04/2015   N EXT2 26886 12/04/2015 Ej. 2 12/04/2015 LIbro 28/ago/2014      
  Dewey Decimal Classification     Colección General Biblioteca Pública Barranca de Upia - María Dolores Herrera Biblioteca Pública Barranca de Upia - María Dolores Herrera Literatura 09/12/2023   N EXT2 BUP00154 09/12/2023 Ej.1 09/12/2023 Libro Literatura        
  Dewey Decimal Classification     Colección General Biblioteca Pública Cabuyaro Biblioteca Pública Cabuyaro Literatura 03/31/2023   NEXT2 CAB000162 03/31/2023 Ej.1 03/31/2023 Libro Literatura        
        Sala General Biblioteca Pública Departamental Eduardo Carranza - Villavicencio Biblioteca Pública Departamental Eduardo Carranza - Villavicencio General 01/21/2015   N EXT2 ECA23555 11/26/2024 Ej.1 11/26/2024 LIbro     17563 | 22505  
  Dewey Decimal Classification     Sala General Segundo Piso Biblioteca Pública Germán Arciniegas - Villavicencio Biblioteca Pública Germán Arciniegas - Villavicencio   12/04/2015 1 N EXT2 26819 09/05/2018 Ej. 1 12/04/2015 LIbro 10/jul/2014 08/30/2018    
  Dewey Decimal Classification     Colección General Biblioteca Pública Guamal Biblioteca Pública Guamal Literatura 01/31/2023   NEXT2 GUA000306 01/31/2023 Ej.1 01/31/2023 Libro Literatura        
  Dewey Decimal Classification     Colección General Biblioteca Pública La Macarena Biblioteca Pública La Macarena Literatura 01/24/2024   N EXT2 LM00742 01/24/2024 Ej.1 01/24/2024 LIbro        
  Dewey Decimal Classification     Sala General Biblioteca Pública Mapiripan Biblioteca Pública Mapiripan Literatura 01/16/2024   N EXT2 MAP00002137 01/16/2024 Ej.1 01/16/2024 LIbro        
  Dewey Decimal Classification     Colección General Biblioteca Pública Mesetas - Franco lodo Poloxi Biblioteca Pública Mesetas - Franco lodo Poloxi General 05/03/2023   N-EXT2 ME00051 05/03/2023 Ej.1 05/03/2023 Libro Literatura        
  Dewey Decimal Classification       Biblioteca Pública Mesetas - Franco lodo Poloxi Biblioteca Pública Mesetas - Franco lodo Poloxi   12/09/2024   NEXT2 MEE00807 12/09/2024 Ej.1 12/09/2024 LIbro        
  Dewey Decimal Classification     Colección General Biblioteca Pública Uribe - Reinerio Arenas Biblioteca Pública Uribe - Reinerio Arenas Literatura 10/01/2024   N EXT2 URI01540 10/01/2024 Ej.1 10/01/2024 Libro Literatura        
  Dewey Decimal Classification       Biblioteca Pública Vistahermosa Biblioteca Pública Vistahermosa   06/05/2025     VIST 0002274 06/05/2025 Ej.1 06/05/2025 LIbro       N EXT2









Instituto Departamental de Cultura del Meta - Red Departamental de Bibliotecas Públicas del Meta.